| 000 | 01679nam0a2200289 4500 | ||
|---|---|---|---|
| 001 | RU\NLR\BIBL_A\011731347 | ||
| 005 | 20180703091600.0 | ||
| 021 |
_aRU _bКН-П-18-033741 _9КН-П-18-2452 |
||
| 035 | _a(NLR Aleph) 011731347 | ||
| 035 | _a(RuMoRGB)009630175 | ||
| 090 |
_a11528849 _c11528849 |
||
| 100 | _a20180614d2018 u y0rusy50 ca | ||
| 101 | 0 | _arus | |
| 102 | _aRU | ||
| 105 | _aa z 000zy | ||
| 200 | 1 |
_aЭксплуатация судовых котельных установок _eучебное пособие _e[по специальности 25.06.05 "Эксплуатация судовых энергетических установок"] _fА. И. Епихин _gФедеральное государственное бюджетное образовательное учреждение высшего образования Государственный морской университет им. адмирала Ф. Ф. Ушакова |
|
| 210 |
_aНовороссийск _cРедакционно-издательский отдел ФГБОУ ВО "ГМУ им. адм. Ф. Ф. Ушакова" _d2018 |
||
| 215 |
_a87 с. _cил., табл. _d21 |
||
| 320 | _aБиблиогр.: с. 75 (5 назв.) | ||
| 606 | 1 |
_aСудовые котельные установки _jУчебные издания для высших учебных заведений _xЭксплуатация _92358471 _3RU\NLR\AUTH\6601631029 |
|
| 686 | 1 | _aО455.11-082я73-1 | |
| 700 | 1 |
_aЕпихин _bА. И. _gАлексей Иванович |
|
| 942 | _cBOOK | ||
| 980 | _aNBR | ||
| 980 | _aNB | ||